[Event "FRA-chT Top 16 GpA"]
[Site "France"]
[Date "2010.03.28"]
[Round "3"]
[White "Lefevre, Margaux"]
[Black "Buscara, Lena"]
[Result "1/2-1/2"]
[WhiteElo "2036"]
[BlackElo "1688"]
[PlyCount "88"]
[EventDate "2010.03.26"]
[EventType "team-tourn"]
[EventRounds "7"]
[EventCountry "FRA"]
[SourceTitle "CBM 135 Extra"]
[Source "ChessBase"]
[SourceDate "2010.05.04"]
[SourceVersion "1"]
[SourceVersionDate "2010.05.04"]
[SourceQuality "1"]

1. e4 d6 2. d4 Nf6 3. Nc3 Nbd7 4. g4 h6 5. Nf3 e5 6. g5 hxg5 7. Nxg5 exd4 8. Qxd4 Ne5 9. Be2 c6 10. Bf4 Ng6 11. Be3 Ng4 12. 0-0-0 Nxe3 13. Qxe3 Be7 14. Rhg1 Bxg5 15. Rxg5 Rxh2 16. f4 Rh3 17. Qd2 Qf6 18. Rf1 Bd7 19. Bd3 0-0-0 20. Ne2 Qe7 21. Ra5 a6 22. Qb4 Bg4 23. Nd4 c5 24. Qc3 Qc7 25. Nb3 Rdh8 26. e5 Rh1 27. exd6 Rxf1+ 28. Bxf1 Qxd6 29. Qxc5+ Qxc5 30. Rxc5+ Kd7 31. f5 Ne7 32. Bd3 Rh1+ 33. Kd2 Rh2+ 34. Kc3 Rf2 35. Nd4 Kd6 36. Ra5 Nd5+ 37. Kb3 Ne7 38. Kc4 f6 39. Kb3 Bh3 40. a3 Bg4 41. c4 Bd1+ 42. Kc3 Bh5 43. Be4 Nc6 44. Bxc6 bxc6 1/2-1/2

[Event "FRA-chT3 Gr01 0607"]
[Site "France"]
[Date "2006.11.25"]
[Round "2.8"]
[White "Buscara, Lena"]
[Black "Fiorentini, Nicolas"]
[Result "1/2-1/2"]
[WhiteElo "1580"]
[BlackElo "1820"]
[PlyCount "118"]
[EventDate "2006.10.15"]
[EventType "team"]
[EventRounds "9"]
[EventCountry "FRA"]
[SourceTitle "EXT 2008"]
[Source "ChessBase"]
[SourceDate "2007.11.25"]
[SourceVersion "1"]
[SourceVersionDate "2007.11.25"]
[SourceQuality "1"]

1. e4 e5 2. Nc3 Nc6 3. g3 Nf6 4. Bg2 Bc5 5. d3 h6 6. a3 d6 7. b4 Bb6 8. Nge2 Bg4 9. f3 Be6 10. Na4 Qd7 11. Nxb6 axb6 12. Be3 Bh3 13. 0-0 Bxg2 14. Kxg2 h5 15. h4 Ne7 16. d4 Ng6 17. Bg5 Nh7 18. Qd2 f6 19. Be3 f5 20. exf5 Qxf5 21. Qd3 Qxd3 22. cxd3 0-0 23. Nc3 exd4 24. Bxd4 c5 25. Be3 Ne5 26. Bf4 Nxd3 27. Bxd6 Rfe8 28. Nd5 Rad8 29. Ne7+ Kf7 30. Nf5 g6 31. Bc7 Re2+ 32. Kg1 Rd7 33. Nd6+ Kg8 34. Nb5 cxb4 35. axb4 Nxb4 36. Bxb6 Rdd2 37. Rf2 Nf6 38. Rxe2 Rxe2 39. Rd1 Nfd5 40. Bc5 b6 41. Bxb4 Nxb4 42. Rd6 Kh7 43. Rxb6 Nd5 44. Rd6 Nb4 45. Nc3 Rc2 46. Ne4 Rc6 47. Rxc6 Nxc6 48. Kf2 Kg7 49. Ke3 Ne7 50. Kf4 Nf5 51. Ng5 Kf6 52. Ne4+ Kg7 53. Kg5 Nd4 54. Kf4 Nf5 55. Nc5 Kf6 56. Nd7+ Ke6 57. Ne5 Kf6 58. Nd7+ Ke6 59. Nf8+ Kf7 1/2-1/2

[Event "FRA-ch U14 Girls"]
[Site "Calvi"]
[Date "2005.04.19"]
[Round "4"]
[White "Lefebvre, Stephane"]
[Black "Buscara, Lena"]
[Result "1/2-1/2"]
[WhiteElo "1199"]
[BlackElo "1500"]
[PlyCount "70"]
[EventDate "2005.04.??"]
[EventType "swiss"]
[EventRounds "9"]
[EventCountry "FRA"]
[SourceTitle "EXT 2006"]
[Source "ChessBase"]
[SourceDate "2005.11.24"]
[SourceVersion "1"]
[SourceVersionDate "2005.11.24"]
[SourceQuality "1"]

1. e4 e5 2. d4 d6 3. dxe5 dxe5 4. Qxd8+ Kxd8 5. f4 Nc6 6. Nf3 exf4 7. Bxf4 Nf6 8. Nc3 Bb4 9. 0-0-0+ Bd7 10. e5 Ng4 11. Bg5+ f6 12. exf6 gxf6 13. Bh4 Bxc3 14. bxc3 Rf8 15. Bb5 Kc8 16. Rd2 a6 17. Rhd1 Be6 18. Bxc6 bxc6 19. h3 Nh6 20. a3 Rb8 21. Re2 Ba2 22. Kd2 Rd8+ 23. Ke1 Rxd1+ 24. Kxd1 Nf5 25. Bxf6 Rb1+ 26. Kd2 Nd6 27. Bh4 Nc4+ 28. Kd3 Nxa3 29. Re7 Rd1+ 30. Ke2 Rd7 31. Ne5 Rxe7 32. Bxe7 Nxc2 33. Nxc6 Kd7 34. Nb4 Nxb4 35. Bxb4 Ke6 1/2-1/2

[Event "FRA-chT U20 0304"]
[Site "France"]
[Date "2004.05.01"]
[Round "9"]
[White "Buscara, Lena"]
[Black "Aflalo, Sophie"]
[Result "0-1"]
[WhiteElo "1290"]
[BlackElo "1490"]
[PlyCount "50"]
[EventDate "2003.11.??"]
[EventType "team"]
[EventRounds "11"]
[EventCountry "FRA"]
[SourceTitle "EXT 2005"]
[Source "ChessBase"]
[SourceDate "2004.11.15"]
[SourceVersion "1"]
[SourceVersionDate "2004.11.15"]
[SourceQuality "1"]
[WhiteTeam "Montpellier"]
[BlackTeam "AECE"]
[WhiteTeamCountry "FRA"]
[BlackTeamCountry "FRA"]

1. e4 c5 2. Nf3 Nc6 3. d4 cxd4 4. Nxd4 Nf6 5. Nc3 e5 6. Nxc6 bxc6 7. Bc4 Bc5 8. Bg5 Bb7 9. 0-0 Qc7 10. Qf3 Be7 11. Rad1 h6 12. Bxf6 Bxf6 13. Rd3 Rf8 14. Rfd1 0-0-0 15. Qf5 Be7 16. Bb5 g6 17. Qg4 f5 18. Qxg6 fxe4 19. Nxe4 cxb5 20. Nd6+ Bxd6 21. Rxd6 Rg8 22. Qh7 Bxg2 23. Rxd7 Bh3+ 24. Kh1 Qb7+ 25. Rxb7 Rxd1# 0-1